000 01115nam a22002657a 4500
005 20240530110430.0
008 150330s2009 ua afd f 000 0 ara d
017 _a2008/11683
_bمصر . دار الكتب المصرية
020 _a9789774551464
040 _aEG-CaGPL
082 0 4 _221
_a613.26\
_bهـ ر
100 _aهمفريز ، كارولين
245 1 0 _aريجيم الجلوكوز الثورة الجديدة فى عالم الريجيم = Glycaemic Index /
_cتاليف كارولين همفريز ؛ ترجمة قسم الترجمة بدار الفاروق
250 _aط1
260 _aاالقاهرة :
_bدار الفاروق للاستثمارات الثقافية ،
_c2009.
300 _a182 ص :
_bايض ؛
_c24 سم.
650 0 4 _aالرجيم
650 0 4 _aالتغذية
650 0 4 _aالوجبات الغذائية
650 0 4 _aالرجيم الخالى من القمح
650 0 4 _aالرجيم منخفض السعرات
710 _aقسم الترجمة بدار الفاروق
_eمترجم
942 _2ddc
_cBK
999 _c60821
_d60821